00692 a2200181 4500003000500000005001700005040000900022082001800031100002800049245005000077260002900127300000900156505015400165650003400319942001200353999001900365952012600384Nust20221124122043.0 cNust a621.38132,ENG aMorris Engelson9103480 aSpectrum Analyzer Circuits /cMorris Engelson aText RonixbLondonc1969 a176p aComponents and Subassemblies (Page-23), Filters (Page-55), Amplifiers (Page-83), Mixers (Page-99), Oscillators (Page-121), RF Attenuators (Page-157), aTelecommunication Engineering 2ddccBK c181922d181922 00102ddc4070aMCSbMCScGENd2016-12-12o621.38132,ENGpMCS5955r2016-12-08w2016-12-12yBKzAlmirah No.32, Shelf No.3